000 00633nam a2200229Ia 4500
003 OSt
005 20220928103753.0
006 a|||||r|||| 00| 0
007 ta
008 220927b |||||||| |||| 00| 0 eng d
024 _a48363
037 _cTextual
040 _aSDCL
_cSDCL
_beng
041 _2eng
_aeng
082 _aV73y7M83, M3
100 _aWeisbrot Robert
_9406955
245 0 _aFather divine and the struggle for racial equality
260 _aurbana
_bUniversity of Illenois Press
_c1983
300 _a241p
_ccm.
942 _hV73y7M83, M3
_cTEXL
_2CC
999 _c722484
_d722484